01073nam a2200193Ia 4500001001100000003001000011008004100021040002500062041001300087100002500100245004500125250001100170260009200181300001200273500022300285501011400508520022300622650003400845L251-17752IT-CnALBA170116s9999||||xx |||||||||||||| ||und|| aIT-CnALBAcIT-CnALBA aITALIANO aGRASSO DOMENICO, SJ. 0aPREDICAZIONE ALLA COMUNITÀ CRISTIANA.  a1a ed. aCINISELLO BALSAMO (MI)bEDIZIONI PAOLINEc1969 [1° Ed.:1969 - Ed.Ling.Originale: 1969] a395 p.  aPREDICAZIONE E LITURGIA. SCOPO DELL'OMELIA. FONTE SACRA SCRITTURA. PREDICAZIONE E ESEGESI MODERNA. PREDICAZIONE LITURGICA. ALTRE FORME DI PREDICAZIONE. RETORICA. PREDICA. ATTUALIZZAZIONE DEL TESTO. STILE. ASCOLTATORI.  aSocietà San Paolo EM - Piazza San Paolo, 14 - 12051 ALBA (CN) (non commercial uses only) ® Copyright 2017 aPREDICAZIONE E LITURGIA. SCOPO DELL'OMELIA. FONTE SACRA SCRITTURA. PREDICAZIONE E ESEGESI MODERNA. PREDICAZIONE LITURGICA. ALTRE FORME DI PREDICAZIONE. RETORICA. PREDICA. ATTUALIZZAZIONE DEL TESTO. STILE. ASCOLTATORI.  aPREDICAZIONE - ORATORIA SACRA